| 000 | 00611cam a2200205 i 4500 | ||
|---|---|---|---|
| 999 |
_c124637 _d124637 |
||
| 001 | 21741418 | ||
| 005 | 20220215094749.0 | ||
| 008 | 201001s2022 mauab 001 0 eng | ||
| 020 | _a9781284211757 | ||
| 040 | _cPK-LaUMT | ||
| 082 | 0 | 0 |
_a579.078 _223 _bPOM-F |
| 100 | 1 | _aPommerville, Jeffrey C. | |
| 245 | 1 | 0 |
_aFundamentals of microbiology / _cby Jeffrey C. Pommerville |
| 250 | _a12th ed. | ||
| 260 |
_aBurlington : _bJones & Bartlett Learning, _c2022 |
||
| 300 |
_a720 p.: _bcolor liiustrations, color maps ; _c29 cm |
||
| 500 | _aIncludes index. | ||
| 650 | 1 | 2 | _aMicrobiological Phenomena |
| 942 | _cBK | ||